000 00281nam a2200121Ia 4500
008 220204s9999 xx 000 0 und d
082 _a633.811
_bSEY
100 _aSEYMOUR, Jacqueline
245 0 _aRoses
260 _bColour international
490 _aNature series
942 _cBK
999 _c35540
_d35540